| 000 | 00542pab a2200181 454500 | ||
|---|---|---|---|
| 008 | 180718b2009 xxu||||| |||| 00| 0 eng d | ||
| 100 | _aPenger, Sandra | ||
| 245 | _aTowards the implementation of Lisbon strategy goals and strategic change management process: the case study of Slovanian | ||
| 260 | _c2009 | ||
| 300 | _ap.1-29. | ||
| 362 | _aJul-Dec | ||
| 650 | _aPublic sector | ||
| 650 | _aOrganizational change | ||
| 700 | _aTekavcic, Metka | ||
| 773 | _aJournal of Institute of Public Enterprise | ||
| 908 | _aN | ||
| 909 | _a85591 | ||
| 999 |
_c85591 _d85591 |
||